Представление документа в формате MARC21

Поле Инд. ПП Название Значение
Тип записи a
Библиографический уровень m
001 Контрольный номер RU/IS/BASE/394209622
005 Дата корректировки 20251120153459.6
008 Кодируемые данные 20120628
020 a ISBN 9785991616362
040 b Код языка каталог. rus
e Правила каталог. PSBO
041 0_ a Код языка текста rus
084 a Индекс другой классификации/Индекс ББК 67.409(2Рос)я73; 67.409.0(2Рос)я73; 67.409.1(2Рос)я73
090 a Полочн. индекс 67.409(2Рос)я73
x Авторский знак З 91
100 1_ a Автор Зубарев С. М.
q Полное имя Зубарев Сергей Михайлович
245 10 a Заглавие Уголовно-исполнительное право
b Продолж. заглавия краткий курс лекций
c Ответственность редактор И. В. Альбикова
250 a Основные сведения об издании 6-е изд., испр. и доп.
260 a Место издания Москва
b Издательство Юрайт
c Дата издания 2012
300 a Объем 173 с.
336 a Термин вида содержания Текст
337 a Термин типа средства непосредственный
440 _0 a Серия Хочу все сдать!
504 a Библиография Лит.: с. 173
521 0_ a Примеч. о целев. назн. студенты
650 04 a Основная рубрика право
a Основная рубрика уголовно-исполнительное право
653 0_ a Ключевые слова арест
a Ключевые слова воспитательная работа
a Ключевые слова исполнение наказаний
a Ключевые слова исправительные колонии
a Ключевые слова исправительные работы
a Ключевые слова исправительные учреждения
a Ключевые слова исправление осужденных
a Ключевые слова контроль
a Ключевые слова лишение свободы
a Ключевые слова надзор
a Ключевые слова наказание
a Ключевые слова нормы уголовно-исполнительного права
a Ключевые слова обязательные работы
a Ключевые слова ограничение свободы
a Ключевые слова освобождение от наказания
a Ключевые слова осужденные
a Ключевые слова осужденные военнослужащие
a Ключевые слова права и обязанности осужденных
a Ключевые слова правовое положение
a Ключевые слова правовое регулирование
a Ключевые слова режим в исправительных учреждениях
a Ключевые слова Российская Федерация
a Ключевые слова Россия
a Ключевые слова смертная казнь
a Ключевые слова уголовное наказание
a Ключевые слова уголовно-исполнительная политика
a Ключевые слова уголовно-исполнительная система
a Ключевые слова уголовно-исполнительное законодательство
a Ключевые слова уголовно-исполнительные правоотношения
a Ключевые слова условия содержания
a Ключевые слова условия труда осужденных
a Ключевые слова условно осужденные
655 a Жанр/ форма (устаревшее) учебное пособие
700 12 a Автор Альбикова И. В.
e Роль лиц редактор
901 t Тип документа m
952 a Тип литературы для КСУ ВШ УИ